Estadísticas para Tres Reales y una Falsa - Cultura General

Haz click aquí para intentar la prueba.

Estadísticas generales

  • Esta prueba ha sido intentada 99 veces
  • La puntuación promedio es 7 de 15

Estadísticas de respuestas

PreguntaRespuesta% Correcto
Personaje de "El Señor de los Anillos"Dumbledore
81%
Instrumentos MusicalesClavícula
78%
MamíferosBaobab
76%
Islas CanariasIbiza
71%
Estrellas del fútbol brasileñoPepita
49%
DeportesWham-O
39%
Período o época de la escala del tiempo geológicoMesiánico
36%
Elementos de la Tabla PeriódicaTeslio
36%
FrutasCiranzana
32%
Cortes de piedras preciosasNupcial
29%
Piezas de automóvilesToma de engranajes
29%
Pinturas de Picasso
28%
Presidentes de América del SurEnrique Peña Nieto
27%
VideojuegosGrand Theft Auto: Miami Beach
26%
Canciones de éxito de los años 80I Don't Want to Miss a Thing
22%

Distribución de puntuación

Porcentaje por número respondido

Porcentaje de gente con cada puntuación

Historial de tus puntuaciones

No has intentado esta prueba.